| 000 | 015430000a22003250004500 | ||
|---|---|---|---|
| 003 | EG-GICUC | ||
| 005 | 20250223025310.0 | ||
| 008 | 080531s2008 ua h f m 000 0 eng d | ||
| 040 |
_aEG-GICUC _beng _cEG-GICUC |
||
| 041 | 0 | _aEng | |
| 049 | _aDeposite | ||
| 097 | _aM.Sc | ||
| 099 | _aCai01.11.10.M.Sc.2008.He.S | ||
| 100 | 0 | _aHeba Mohammed AbdelRaheem Mohammed | |
| 245 | 1 | 0 |
_aSoft tissue augmentation in deramatology / _cHeba Mohammed A.Raheem Mohammed ; Supervised Khaled Hassan Elhoshy , Mohamed Hussein Medhat Elkomy |
| 246 | 1 | 5 | _aتزييد النسيج الرخو فى الجلد |
| 260 |
_aCairo : _bHeba Mohammed AbdelRaheem Mohammed , _c2008 |
||
| 300 |
_a125P. : _bfacsimiles ; _c25cm |
||
| 502 | _aThesis (M.Sc.) - Cairo University - Faculty Of Medicine - Department Of Dermatology and Venerology | ||
| 520 | _aThe procedure of soft tissue augmentation entails the placement of filler materials into the skin to replace a deficient dermal or subcutaneous component , thereby restoring the natural look of the skin.Soft tissue augmentation can be used to treat a variety of skin conditions like facial wrinkles , acne scara , lipo - atrophy , or for lip or cheek augmentation | ||
| 530 | _aIssued also as CD | ||
| 653 | 4 | _aFillers | |
| 653 | 4 | _aSoft tissue augmenttation | |
| 700 | 0 |
_aKhaled Hassan Elhoshy , _eSupervisor |
|
| 700 | 0 |
_aMohamed Hussein Medhat Elkomy , _eSupervisor |
|
| 856 | _uhttp://172.23.153.220/th.pdf | ||
| 905 |
_aMustafa _eRevisor |
||
| 905 |
_aSamia _eCataloger |
||
| 942 |
_2ddc _cTH |
||
| 999 |
_c9953 _d9953 |
||